000 01018nam a2200253Ia 4500
003 OSt
005 20221002044616.0
006 a|||||r|||| 00| 0
007 ta
008 220930b |||||||| |||| 00| 0 san d
020 _a818741863X (hbk)
_cINR 5500.00
024 _a36354
037 _b275, 10/03/2018, Bharatiya Book Corporation
_cReference Collections
040 _aCRL
_cCRL
_bsan
041 _2san
_asan
082 _aR6v, 152P2;Q6.1-.5(RR)
100 _aवेदालंकार, जयदेव, ले.
245 0 _aभारतीय दर्शनशास्त्र का इतिहास
260 _aदिल्ली
_b न्यू भारतीय बुक भारत भारत
_c2016
490 _vभाग 1
650 _aभारतीय दर्शन
942 _hR6v, 152P2;Q6.1-.5(RR)
_cref
_2CC
999 _c910747
_d910747